000 00842nam a2200277 i 4500
001 000048368
003 DO-SdBNP
005 20250310151505.0
007 ta
008 190213s2016 dr r 000 0 spa d
020 _a9789945500004
040 _aDO-SdBNP
_bspa
_cBNPHU
_erda
082 4 _aRD863.44
_bM917d
_222
100 1 _aMota Álvarez, Denis,
_d1952-
_eautor
_4aut.
_911007
245 1 0 _aDel lado de la vida :
_bpoesía /
_cDenis Mota Álvarez.
264 1 _aSanto Domingo :
_bFerilibro,
_c2016.
300 _a132 páginas ;
_c21 cm.
336 _atexto
_2rdacontent
_btxt
337 _asin mediación
_bn
_2rdamedia
338 _avolumen
_bnc
_2rdacarrier
590 _aInventariado, 2019 / DG
650 4 _aPoesía dominicana
650 4 _aLiteratura dominicana
910 _aValidado. Control de calidad MFF
942 _2ddc
_cLBS1
999 _c47856
_d47856